Statistics for Lande efter bogstav - N

Click here to take the quiz!

General Stats

  • This quiz has been taken 3 times
  • The average score is 6 of 10

Answer Stats

Land% Correct
Nepal
100%
Niger
100%
Nigeria
100%
Norge
100%
Namibia
50%
Nicaragua
50%
Nordkorea
50%
Nordmakedonien
50%
Nauru
0%
New Zealand
0%

Score Distribution

Percentile by Number Answered

Percent of People with Each Score

Your Score History

You have not taken this quiz